Estadísticas para Prueba del país de Georgia

Haz click aquí para tomar la prueba!

Estadísticas generales

  • Esta prueba ha sido tomada 774 veces
  • La puntuación promedio es 12 de 16

Estadísticas de respuestas

PistaRespuesta% Correcto
Países limítrofesArmenia
97%
Países limítrofesAzerbaiyán
97%
Países limítrofesRusia
97%
Países limítrofesTurquía
96%
Mar que toca GeorgiaMar Negro
94%
País del que Georgia obtuvo su independencia en 1991Unión Soviética
94%
Cinco de estos objetos aparecen en la banderaCruces
86%
CapitalTiflis
85%
Nombre de la región de Georgia en la época romana,
que no debe confundirse con Portugal y España
Iberia
70%
Los georgianos han estado haciendo ___ durante 8.000 años,
a veces fermentándolo en jarras de arcilla gigantes.
Vino
69%
Cordillera en la frontera del norteCáucaso
68%
Áreas de Georgia controladas por los rusos{Osetia} del Sur
64%
Brutal dictador que nació en 1878 como Ioseb Besarionis dzе DjugashviliIósif Stalin
60%
Deporte en el que Georgia ha ganado 17 de sus 32 medallas olímpicasLucha libre
49%
Áreas de Georgia controladas por los rusosAbjasia
40%
La ciudad georgiana más grande que toca ese marBatumi
27%

Distribución de puntuación

Porcentaje por número respondido

Porcentaje de gente con cada puntuación

Historial de tus puntuaciones

No has tomado esta prueba